01037nam a2200265 i 4500003000900000005001700009007000300026008004100029020001800070040003000088041000800118082002300126100004100149245014200190264007300332300005500405336002700460337003400487338002800521500007400549650002400623650002600647700004300673700005500716DO-SdBNP20250313134951.0ta240612s2024 dr ac 000 j spa d a9789945942347 aDO-SdBNPbspacBNPHUerda aspa 4aRD861.5bC965c2221 aCueto, Amarilis,d1963-eautor4aut.10aCaleidoscopio en sepia : bpoesía /cAmarilis Cueto ; edición, Laura García de Lucas ; corrección, Rafael J. Rodríguez Pérez. 1aSanto Domingo, Republica Dominicana :bRío de Oro Editores,c2024. a165 páginas :bilustraciones, retratos ;c22 cm. atextobtxt2rdacontent asin mediación bn2rdamedia avolumenbnc2rdacarrier aIncluye datos biográficas de la autor en la solapa de la cubierta.  4aPoesía dominicana 4aLiteratura dominicana1 aGarcía Lucas, Laura de,eeditor4ed.1 aRodríguez Pérez, Rafael J., ecorrector4corr.